The German officer-corps in society and state, 1650-1945 /

Bibliographic Details
Main Author: Demeter, Karl, 1889-
Format: Book
Language:English
German
Published: New York : Praeger, [1965]
Subjects:

MARC

Tag First Indicator Second Indicator Subfields
LEADER 00000cam a2200000 4500
001 in00000061180
005 20151008051632.0
008 750217s1965 nyu b 00000 eng u
010 |a  65014178  
035 |a (OCoLC)01178408 
035 |9 AAG9104AM 
040 |c CPL  |d TXA  |d UtOrBLW 
041 1 |a eng  |a ger 
049 |a TXAM  |c [415462] 
050 0 0 |a UB415.G4  |b D413 1965 
082 0 |a 355.3320943 
092 |a 355.33  |b D377g 
100 1 |a Demeter, Karl,  |d 1889- 
245 1 4 |a The German officer-corps in society and state, 1650-1945 /  |c Translated from the German by Angus Malcolm. Introd. by Michael Howard. 
264 1 |a New York :  |b Praeger,  |c [1965] 
300 |a xiv, 414 pages ;  |c 23 cm. 
336 |a text  |b txt  |2 rdacontent 
337 |a unmediated  |b n  |2 rdamedia 
338 |a volume  |b nc  |2 rdacarrier 
500 |a Translation of Das deutsche Offizierkorps in Gesellschaft und Staat, 1650-1945, originally published under title: Das deutsche Offizierkorps in seinen historisch-soziologischen Grundlagen. 
504 |a Bibliographical references included in "Notes" (pages 371-404). 
610 1 0 |a Germany.  |b Heer  |x Organization. 
610 1 0 |a Germany.  |b Heer  |x Officers. 
999 |a MARS 
999 f f |s 3dab320b-0c39-3a76-8539-5db973be50c7  |i 904dd3c1-f0f0-3850-92a5-6d13e9b47ec9  |t 0 
952 f f |p normal  |a Texas A&M University  |b College Station  |c Sterling C. Evans Library  |d Evans: Library Stacks  |t 0  |e UB415.G4 D413 1965  |h Library of Congress classification  |i unmediated -- volume  |m A14800804841 
998 f f |a UB415.G4 D413 1965  |t 0  |l Evans: Library Stacks